Lazio all time starting xi - Statistics

General Stats
  • This quiz has been taken 33 times
  • The average score is 5 of 11
Answer Stats
Hint Answer % Correct
FW(Italy Ciro Immobile
88%
MF(Serbia Sergej Milinković-Savić
75%
DF(Romania Ștefan Radu
66%
MF(Brazil Felipe Anderson
63%
GK(Italy Luca Marchegiani
53%
FW(Bosnia Senad Lulić
50%
DF(Italy Giuseppe Favalli
34%
FW(Italy Silvio Piola
28%
DF(Italy Paolo Negro
25%
DF(Italy Giuseppe Wilson
6%
MF(Italy Vincenzo D'Amico
0%
No matching quizzes found
Score Distribution
Percent of People with Each Score
Percentile by Number Answered
Your Score History
You have not taken this quiz